| 000 | 00787nam a2200205 a 4500 | ||
|---|---|---|---|
| 003 | 0 | ||
| 005 | 20250424142950.0 | ||
| 008 | 050808s19uu xx 00 eng d | ||
| 050 |
_aPHS LB 3609.C67 _b.L44 2005 |
||
| 100 | _aLee, Jiyoen. | ||
| 245 |
_aCoping skills employed by students of Southville International School and Colleges on identified stressors / _cJiyoen Lee. |
||
| 260 |
_aLas PiƱas City, Philippines : _bSouthville International School and Colleges, _c2005. |
||
| 300 |
_a53 pages : _billustrations ; _c28 cm. |
||
| 504 | _aIncludes bibliographical references. | ||
| 650 | _aCoping (Psychology). | ||
| 650 |
_aStress management _xStudents _zPhilippines. |
||
| 650 | _aStress (Psychology) in adolescence. | ||
| 650 |
_aAcademic stress _zPhilippines. |
||
| 942 |
_2lcc _cPASS |
||
| 999 |
_c97264 _d97264 |
||